Les marques Intermarché - Statistiques

Statistiques générales
  • Ce quiz a été pris 59 fois
  • Le résultat moyen est 7 sur 15
Statistiques - réponses
Hint Réponse % Correct
Laitages Pâturages
81%
Gâteaux secs Chabrior
71%
Jus de fruit Paquito
69%
Pâtes Fiorini
60%
Charcuterie Monique Ranou
58%
Cosmétiques Labell
48%
Légumes en sachet Saint Eloi
48%
Volailles Volaé
46%
Bonbons Elodie
44%
Chocolat Ivoria
40%
Bureautique Domédia
35%
Produits pour bébé Pommette
35%
Viande de boeuf Jean Rozé
29%
Poissons Odyssée
21%
Thé Cotterley
19%
Aucun quiz correspondant
Distribution des résultats
% des personnes avec chaque résultat
Percentile par nombre de réponses
Votre historique - résultats
Vous n’avez pas pris ce quiz